000 01249cam a22003497a 4500
003 CHAP
005 20220329140024.0
008 971013c195919251930 r 00010
010 _a45732
011 _a46704
035 _a50845
040 _cCHAP
082 _a582.13
_bR45
100 0 0 _aRendle, Alfred Barton.
_995909
245 1 4 _aThe classification of flowering plants
250 _a2 ed.
260 _aCambridge :
_bUniversity Press,
_c1959 (c.1925, 1930)
300 _av.
_b: ilus.
505 _aContenido : v.1 Gymnosperms and monocotyledons.--v.2 Dicotyledons
590 _aBATCH-UPD
_b10
_c20130110
_lUCH01
_h2042
590 _aBATCH-UPD
_b10
_c20130410
_lUCH01
_h1356
590 _aBATCH-UPD
_b10
_c20130914
_lUCH01
_h0732
590 _aCONVERSION
_b10
_c20130109
_lUCH01
_h1325
650 1 4 _aBotánica
_xClasificación.
_914516
650 1 4 _aFanerógamas.
_939416
901 _aBK
942 _cLIBRO
949 _a582.13 R45
_bBC
_cLIBRO
_d33724000452900
_eLIBRO
_fv.1
_h9757
_i50845
_si
949 _a582.13 R45
_bBC
_cLIBRO
_d33724000452918
_eLIBRO
_fv.1 c.2
_h9758
_i50845
_si
949 _a582.13 R45
_bBC
_cLIBRO
_d33724000452926
_eLIBRO
_fv.2
_h27452
_i50845
_si
949 _a582.13 R45
_bBC
_cLIBRO
_d33724000452934
_eLIBRO
_fv.2 c.2
_h34062
_i50845
_si
999 _c45732
_d45732